Breaking Bad - Multiple Choice Quotes - Statistics

General Stats
  • This quiz has been taken 415 times
  • The average score is 13 of 15
Answer Stats
Question Answer % Correct
Walt: Now… say my name.
Declan: [quietly] ___________.
Walt: You’re goddamn right.
Heisenberg
99%
Tuco: What is this? It's _____.
Walt: We used a different chemical process, but it is every bit as pure.
Blue
98%
Walt: ______. It's an extremely effective poison. It's toxic in small doses. Also fairly easy to overlook during an autopsy. Ricin
97%
Jesse: So you do have a plan? Yeah Mr. White! Yeah! ______! Science!
97%
Walt: You think that of me? No! I am the one who ______. Knocks
96%
Jesse: This is my own private ________, and I will not be harassed… b****! Domicile
95%
Marie: They're rocks, Hank.
Hank: No they're _______, Jesus Marie!"
Minerals
91%
Gus: When you have children, you always have family. They will always be your priority, your responsibility. And a man… a man _____. Provides
91%
Mike: I'll never make that mistake again. No more _________, Walter. Half-measures
89%
Saul Goodman: Ready for this? Here goes: you two suck at peddling _____. Meth
84%
Saul Goodman: I once told a woman I was ___________, and it worked because I believed it. Kevin Costner
82%
Walt: If that's true... if you don't know who I am... then maybe your best course would be to __________. Tread lightly
80%
Walt: Jesse, you asked me if I was in the meth business, or the money business... Neither. I'm in the _________ business. Empire
77%
Skyler: Someone has to protect this family from the man who _____________. Protects this family
66%
Jesse: We flipped a coin, OK? You and me. You and me! ______________! Coin flip is sacred!
56%
No matching quizzes found
Score Distribution
Percent of People with Each Score
Percentile by Number Answered
Your Score History
You have not taken this quiz